INTERNATIONAL FISHER EFFECT AND STOCK PRICE FLUCTUATIONS (Record no. 527294)

000 -LEADER
fixed length control field 00463nam a22001457a 4500
082 ## - DEWEY DECIMAL CLASSIFICATION NUMBER
Classification number 658
100 ## - MAIN ENTRY--PERSONAL NAME
Personal name Asad Maqbool, Muhammad
245 ## - TITLE STATEMENT
Title INTERNATIONAL FISHER EFFECT AND STOCK PRICE FLUCTUATIONS
Statement of responsibility, etc. Muhammad Asad Maqbool
260 ## - PUBLICATION, DISTRIBUTION, ETC.
Place of publication, distribution, etc. Islamabad:
Name of publisher, distributor, etc. NBS - NUST,
Date of publication, distribution, etc. 2012.
300 ## - PHYSICAL DESCRIPTION
Extent iv, 57 p. : ill. ;
Dimensions 30cm.
942 ## - ADDED ENTRY ELEMENTS (KOHA)
Source of classification or shelving scheme
Koha item type Thesis
650 ## - SUBJECT ADDED ENTRY--TOPICAL TERM
Topical term or geographic name entry element MBA Thesis
700 ## - ADDED ENTRY--PERSONAL NAME
Personal name Mr. Muhammad Shariq
650 ## - SUBJECT ADDED ENTRY--TOPICAL TERM
-- 17629
700 ## - ADDED ENTRY--PERSONAL NAME
-- 18258
Holdings
Withdrawn status Lost status Source of classification or shelving scheme Damaged status Not for loan Permanent Location Current Location Shelving location Date acquired Full call number Barcode Date last seen Price effective from Non-public note Koha item type
          Central Library (CL) Central Library (CL) Thesis 07/24/2019 330 CL-T-2825 08/08/2019 07/24/2019 Minute Sheet No. 0929/02/CL/Survey/5 dated 23rd April 2024 E-MIN ID 114741 Thesis
© 2023 Central Library, National University of Sciences and Technology. All Rights Reserved.